West Virginia off the beaten path

Includes index; Neal A. Newfield, Ph.D., LICSW (Giver)

Spremljeno u:
Bibliografski detalji
Glavni autor: Soltis, Stephen
Daljnji autori: Soltis, Stacy
Format: Knjiga
Jezik:Undetermined
Izdano: Guiford, Connecticut Globe Pequot Press 2003
Teme:
Online pristup:http://lrc.tdmu.edu.vn/opac/search/detail.asp?aID=2&ID=32151
Oznake: Dodaj oznaku
Bez oznaka, Budi prvi tko označuje ovaj zapis!
Thư viện lưu trữ: Trung tâm Học liệu Trường Đại học Thủ Dầu Một
LEADER 00776nam a2200229Ia 4500
001 TDMU_32151
008 210410s9999 xx 000 0 und d
082 |a 711.58 
090 |b S428 
100 |a Soltis, Stephen 
245 0 |a West Virginia 
245 0 |b off the beaten path 
245 0 |c Stephen and Stacy Soltis 
260 |a Guiford, Connecticut 
260 |b Globe Pequot Press 
260 |c 2003 
300 |a x, 182 p. 
520 |a Includes index; Neal A. Newfield, Ph.D., LICSW (Giver)  |d 2017 
650 |a West Virginia  |v Guidebooks; Tây Virginia (Hoa Kỳ)  |v Sách hướng dẫn 
700 |a Soltis, Stacy 
856 |u http://lrc.tdmu.edu.vn/opac/search/detail.asp?aID=2&ID=32151 
980 |a Trung tâm Học liệu Trường Đại học Thủ Dầu Một